Manual of traffic engineering studies (Record no. 33603)

000 -LEADER
fixed length control field 00526nam a22001937a 4500
001 - CONTROL NUMBER
control field 33603
003 - CONTROL NUMBER IDENTIFIER
control field BD-DhUET
008 - FIXED-LENGTH DATA ELEMENTS--GENERAL INFORMATION
fixed length control field 150917b xxu||||| |||| 00| 0 eng d
040 ## - CATALOGING SOURCE
Transcribing agency DLC
Modifying agency BD-DhUET
082 ## - DEWEY DECIMAL CLASSIFICATION NUMBER
Classification number 388.312
Item number CLE/1964
100 ## - MAIN ENTRY--PERSONAL NAME
Personal name Cleveland, Donald E.
245 ## - TITLE STATEMENT
Title Manual of traffic engineering studies
250 ## - EDITION STATEMENT
Edition statement 3rd ed.
260 ## - PUBLICATION, DISTRIBUTION, ETC. (IMPRINT)
Place of publication, distribution, etc. Woshington .D. C.
Name of publisher, distributor, etc. Institute of traffic Engineers
Date of publication, distribution, etc. 1964
300 ## - PHYSICAL DESCRIPTION
Extent xii, 187 p.
Other physical details ill
504 ## - BIBLIOGRAPHY, ETC. NOTE
Bibliography, etc Includes bibliographies
650 #0 - SUBJECT ADDED ENTRY--TOPICAL TERM
Topical term or geographic name as entry element Traffic engineering
942 ## - ADDED ENTRY ELEMENTS (KOHA)
Koha item type Edited Book
Holdings
Withdrawn status Not for loan Location (home branch) Koha item type Damaged status Lost status Source of classification or shelving scheme Price effective from Shelving location Koha full call number Koha date last seen Date acquired Copy number Koha normalized classification for sorting Piece designation (barcode) Sublocation or collection (holding branch)
  Central Library, BUETEdited Book   2015-09-17Reference section388.312/CLE/19642015-09-172015-09-171388_312000000000000_CLE_196484362Central Library, BUET
  Central Library, BUETEdited Book   2017-03-12Circulation section388.312/CLE/19642017-03-252017-03-122388_312000000000000_CLE_196422130Central Library, BUET
  Central Library, BUETEdited Book   2017-03-12Circulation section388.312/CLE/19642017-03-122017-03-123388_312000000000000_CLE_196422128Central Library, BUET
  Central Library, BUETEdited Book   2017-03-12Circulation section388.312/CLE/19642017-03-122017-03-124388_312000000000000_CLE_196422126Central Library, BUET
  Central Library, BUETEdited Book   2017-03-12Circulation section388.312/CLE/19642017-03-122017-03-125388_312000000000000_CLE_196422127Central Library, BUET
  Central Library, BUETEdited Book   2017-03-12Circulation section388.312/CLE/19642017-03-122017-03-126388_312000000000000_CLE_196422129Central Library, BUET